París en el siglo XX / (Record no. 10353)

MARC details
000 -LEADER
campo de control de longitud fija 00775nam a2200241 i 4500
001 - NÚMERO DE CONTROL
campo de control 10353
003 - IDENTIFICADOR DE NÚMERO DE CONTROL
campo de control ES-MaACL
005 - FECHA Y HORA DE LA ÚLTIMA TRANSACCIÓN
campo de control 20250818063033.0
007 - CAMPO FIJO DE DESCRIPCIÓN FÍSICA--INFORMACIÓN GENERAL
campo de control de longitud fija t|
008 - DATOS DE LONGITUD FIJA--INFORMACIÓN GENERAL
campo de control de longitud fija 950524s1995 sp ||||1| spa d
020 ## - NÚMERO INTERNACIONAL ESTÁNDAR DEL LIBRO
Número Internacional Estándar del Libro 84-08-01424-2
080 ## - NÚMERO DE LA CLASIFICACIÓN DECIMAL UNIVERSAL
Número de la Clasificación Decimal Universal 84-311.9"18"
080 ## - NÚMERO DE LA CLASIFICACIÓN DECIMAL UNIVERSAL
Número de la Clasificación Decimal Universal 84(Verne,J.7 P.03=6)
100 1# - ENTRADA PRINCIPAL--NOMBRE DE PERSONA
Nombre de persona Verne, Jules,
Fechas asociadas al nombre 1828-1905
9 (RLIN) 188654
245 10 - MENCIÓN DEL TÍTULO
Título París en el siglo XX /
Mención de responsabilidad, etc. Julio Verne ; traducción de Julia Escobar ; prefacio y revisión del texto original por Piero Gondolo della Riva.
250 ## - MENCION DE EDICION
Mención de edición [1a ed.].
260 ## - PUBLICACIÓN, DISTRIBUCIÓN, ETC.
Lugar de publicación, distribución, etc. Barcelona :
Nombre del editor, distribuidor, etc. Planeta,
Fecha de publicación, distribución, etc. 1995.
300 ## - DESCRIPCIÓN FÍSICA
Extensión 182 p. ;
Dimensiones 24 cm.
700 1# - ENTRADA AGREGADA--NOMBRE PERSONAL
Nombre de persona Escobar, Julia.
9 (RLIN) 47554
700 1# - ENTRADA AGREGADA--NOMBRE PERSONAL
Nombre de persona Della Riva, Piero Gondolo.
9 (RLIN) 43534
852 ## - LOCALIZACIÓN
Ubicación ES-MaACL
Número de control de estantería L-17832
Sublocalización o colección R.123889
Holdings
Estatus retirado Estado de pérdida Estado de daño No para préstamo Biblioteca de origen Biblioteca actual Ubicación en estantería Fecha de adquisición Fuente de adquisición Total de préstamos Signatura topográfica completa Código de barras Visto por última vez Precio de reemplazo Tipo de ítem Koha
        Biblioteca del Ateneo de Madrid Biblioteca del Ateneo de Madrid Depósito 2 17/01/2008     L-17832 1010563 23/02/2023 23/02/2023 Libro impreso